Educación física preescolar : programa de fichas didácticas.

Salvato in:
Dettagli Bibliografici
Enti autori: Tabasco, Secretaría de Educación, Cultura y Recreación (SECUR), Tabasco, Gobierno del Estado
Natura: Libro
Lingua:spagnolo
Soggetti:
Tags: Aggiungi Tag
Nessun Tag, puoi essere il primo ad aggiungerne!!

MARC

LEADER 00000cam^a2200000uu^4500
001 000460453
005 20250521000000.0
008 050901s^^^^^^^^^^^^^^^^rd^r^^000^0^spa^d
009 20260310124159.605
035 |a FCE 000002921 
035 |a FCE 011024 
037 |a Acervo ITESO - Biblioteca 
041 |a spa 
082 0 4 |a 372  |b SECf 3 
110 |a Tabasco,  |b Secretaría de Educación, Cultura y Recreación (SECUR) 
245 1 0 |a Educación física preescolar :  |b programa de fichas didácticas. 
264 |a Tabasco :  |b SECUR : SCEP,  |c [198-?]. 
300 |a 2 v. 
336 |a texto  |b txt  |2 rdacontenido 
337 |a sin mediación  |b n  |2 rdamedio 
338 |a volumen  |b nc  |2 rdasoporte 
649 |a XX 
650 |a Programa de educación 
650 |a Didáctica 
650 |a Educación rural 
650 |a Desarrollo del niño 
650 |a Metodología de la enseñanza 
650 |a Educación física 
650 |a Educación preescolar 
650 |a Tabasco, México 
710 |a Tabasco,  |b Gobierno del Estado 
910 |a Fondo Centro de Estudios Educativos 
920 |a Impresos - Libros 
930 |a Fondos Especiales 
905 |a 133 
901 |a ALE011024  |b IT2  |c CEE  |u 20250521 
901 |a ALE040463  |b IT2  |c CEE  |u 20250521 
902 |a https://opac.biblio.iteso.mx/vufind/Record/000460453